Nguyên tắc phân loại và danh pháp động vật : Giáo trình cao học ngành sinh học
Tài liệu được sử dụng làm giáo trình cao học ngành sinh học, giúp cán bộ nghiên cứu và giảng dạy sinh học nói chung và động vật nói riêng.
Gorde:
| Egile nagusia: | |
|---|---|
| Formatua: | Liburua |
| Hizkuntza: | Undetermined |
| Argitaratua: |
Hà Nội
Khoa học tự nhiên và công nghệ
2007
|
| Gaiak: | |
| Etiketak: |
Etiketa erantsi
Etiketarik gabe, Izan zaitez lehena erregistro honi etiketa jartzen!
|
| Thư viện lưu trữ: | Trung tâm Học liệu Trường Đại học Cần Thơ |
|---|
| LEADER | 00905nam a2200229Ia 4500 | ||
|---|---|---|---|
| 001 | CTU_170093 | ||
| 008 | 210402s9999 xx 000 0 und d | ||
| 020 | |c 65000 | ||
| 082 | |a 590 | ||
| 082 | |b Ch125 | ||
| 100 | |a Nguyễn, Ngọc Châu | ||
| 245 | 0 | |a Nguyên tắc phân loại và danh pháp động vật : | |
| 245 | 0 | |b Giáo trình cao học ngành sinh học | |
| 245 | 0 | |c Nguyễn Ngọc Châu | |
| 260 | |a Hà Nội | ||
| 260 | |b Khoa học tự nhiên và công nghệ | ||
| 260 | |c 2007 | ||
| 520 | |a Tài liệu được sử dụng làm giáo trình cao học ngành sinh học, giúp cán bộ nghiên cứu và giảng dạy sinh học nói chung và động vật nói riêng. | ||
| 650 | |a Zoology | ||
| 650 | |x Động vật học | ||
| 904 | |i Lien,Qhieu | ||
| 980 | |a Trung tâm Học liệu Trường Đại học Cần Thơ | ||